Score 0/24 Timer 02:00
1 Play Today
Hint 4-Letter Word % Correct
La La ___ (2016)• LAND •
97%
Crazy, Stupid ___. (2011)• LOVE •
94.3%
Music groupBAND
92.3%
Part of a skeletonBONE
92.2%
'The Dark Knight Rises' villainBANE
91.2%
SolitaryLONE
89.4%
Exist, dwellLIVE
88.4%
Suet or fatLARD
86.8%
Girl or sweetheart in ScotlandLASS
85.3%
Three squaredNINE
84%
____ and the Real Girl (2007)LARS
81.4%
Endure, not wear outLAST
79.6%
Hint 4-Letter Word % Correct
The ___ Guys (2016)• NICE •
77.9%
Adult nitsLICE
77.3%
Easter flowerLILY
73.5%
Dryer materialLINT
73.4%
Checkout headacheLINE
71.5%
___ God Forgives (2013)• ONLY •
70.4%
GreasyOILY
69.8%
Merry-go-round musicLILT
61.8%
Yearn for somethingLONG
59.2%
____ River (2014)• LOST •
58.6%
___ to ___ (2017)• SONG •
28.7%
Loudness measureSONE
28%

Today's Daily Dose

Remove Ads.
Support Sporcle.
Get the best of Sporcle when you Go Orange. This ad-free experience offers more features, more stats, and more fun while also helping to support Sporcle. Thank you for becoming a member.

You're not logged in!

Compare scores with friends on all Sporcle quizzes.
OR
Log In

Show Comments

Extras

Top Quizzes Today


Score Distribution

Your Account Isn't Verified!

In order to create a playlist on Sporcle, you need to verify the email address you used during registration. Go to your Sporcle Settings to finish the process.

Report this User

Report this user for behavior that violates our Community Guidelines.

Details: